बृहन्मूबई महानगर पालिका मुख्यालय (Record no. 1025551)

MARC details
000 -LEADER
fixed length control field 00713nam a2200181Ia 4500
008 - FIXED-LENGTH DATA ELEMENTS--GENERAL INFORMATION
fixed length control field 151018s9999 xx 000 0 und d
082 ## - DEWEY DECIMAL CLASSIFICATION NUMBER
Item number RBASDV25942
Classification number 891.464
100 ## - MAIN ENTRY--PERSONAL NAME
Personal name बाळ सामंत
245 ## - TITLE STATEMENT
Title बृहन्मूबई महानगर पालिका मुख्यालय
250 ## - EDITION STATEMENT
Remainder of edition statement 1
260 ## - PUBLICATION, DISTRIBUTION, ETC. (IMPRINT)
Name of publisher, distributor, etc शरद काळे युक्त
300 ## - PHYSICAL DESCRIPTION
Extent 320
600 ## - SUBJECT ADDED ENTRY--PERSONAL NAME
Personal name बाळ सामंत
630 ## - SUBJECT ADDED ENTRY--UNIFORM TITLE
Uniform title बृहन्मूबई महानगर पालिका मुख्यालय
700 ## - ADDED ENTRY--PERSONAL NAME
Personal name बाळ सामंत
730 ## - ADDED ENTRY--UNIFORM TITLE
Uniform title बृहन्मूबई महानगर पालिका मुख्यालय
942 ## - ADDED ENTRY ELEMENTS (KOHA)
Koha item type Book
Holdings
Withdrawn status Lost status Damaged status Not for loan Home library Current library Date acquired Cost, normal purchase price Total Checkouts Full call number Barcode Date last seen Cost, replacement price Price effective from Koha item type
        R.B. Anant Shivaji Desai Vachanalaya and Granthalaya, Kudal R.B. Anant Shivaji Desai Vachanalaya and Granthalaya, Kudal 08/13/2009 27.00   RBASDV25942 RBASDV25942 10/18/2015 27.00 10/18/2015 Book